000 00376nam a2200133Ia 4500
008 240624s9999 xx 000 0 und d
041 _aeng
082 _a332.6457 AND
100 _aANDERSEN TORBEN JUUL
245 _aGLOBAL DERIVATIVES A STRATEGIC RISK MANA
260 _c2006
_aLondon
_bFinancial Times/Prentice-Hall
300 _axxiv, : 453 : p. : cm. ; 24
365 _c
_b30
999 _c11267
_d11267